National Parks: Conservation or cosmetics?

Guardado en:
Detalles Bibliográficos
Autores principales: MacEwen, Ann (Autor), MacEwen, Malcolm (Autor)
Formato: Libro
Lenguaje:inglés
Publicado: London : Allen-Unwin, 1982
Edición:1. vyd.
Materias:
Etiquetas: Agregar Etiqueta
Sin Etiquetas, Sea el primero en etiquetar este registro!

MARC

LEADER 00000nam a22000003a 4500
001 stu10708
005 20150617225802.1
008 941020s1982----uk------------------eng-d
020 |a 0047190043 
040 |a STU  |b slo 
041 0 |a eng 
044 |a uk 
100 1 |a MacEwen, Ann  |4 aut 
245 1 |a National Parks: Conservation or cosmetics? 
250 |a 1. vyd. 
260 |a London :  |b Allen-Unwin,  |c 1982 
300 |a 314 s 
650 7 |a ekologická architektúra  |2 stusub 
650 7 |a krajinné plánovanie  |2 stusub 
700 1 |a MacEwen, Malcolm  |4 aut 
996 |b 284AU01124  |c A*759 U  |l AAKNAR  |s A  |a 24  |w stu10708_0001